| 000 | 01141nac a22002531u 4500 | ||
|---|---|---|---|
| 010 | _a 2006047305 | ||
| 020 | _a0071477314 | ||
| 020 | _a9780071477314 | ||
| 035 | _a(OCoLC)ocm71173880 | ||
| 035 | _a(OCoLC)71173880 | ||
| 082 | 0 | 0 |
_a621.381 _bK5276 |
| 090 |
_c1934 _d1934 |
||
| 100 | _aKhandpur, Raghbir Sing | ||
| 245 | 1 | 0 |
_aTroubleshooting electronic equipment / _cR.S. Khandpur. |
| 260 |
_aNew York : _bMcGraw Hill, _cc2007. |
||
| 300 |
_axvi, 422 p. : _bill. ; _c25 cm. |
||
| 504 | _aIncludes bibliographical references (p. [415]-416) and index. | ||
| 650 | 0 |
_aElectronic apparatus and appliances _xMaintenance and repair. |
|
| 856 | 4 | 2 |
_3Contributor biographical information _uhttp://www.loc.gov/catdir/enhancements/fy0668/2006047305-b.html |
| 856 | 4 | 2 |
_3Publisher description _uhttp://www.loc.gov/catdir/enhancements/fy0668/2006047305-d.html |
| 856 | 4 | 2 |
_3Table of contents only _uhttp://www.loc.gov/catdir/enhancements/fy0668/2006047305-t.html |
| 942 |
_cBB _k621.381 |
||
| 999 |
_c1934 _d1934 |
||